[Event "Just Another Plain Tournament # 9"]
[Site "SchemingMind.com"]
[Date "2009.02.05"]
[Round "-"]
[White "Norsland"]
[Black "johnd"]
[Result "0-1"]
[WhiteCountry "USA"]
[BlackCountry "IRL"]
[WhiteElo "1914"]
[WhiteRD "74"]
[BlackElo "2028"]
[BlackRD "109"]
[GameID "190397"]

1. Nc3 e5 2. Nf3 Nc6 3. d4 exd4 4. Nxd4 Nf6 5. a3 d5 6. Bg5 Be7 7. e3 Nxd4 8. Qxd4 c6 9. O-O-O O-O 10. h3 b5
11. Bd3 a5 12. Nxb5 cxb5 13. Bxb5 Ne4 14. Bxe7 Qxe7 15. Rhf1 Be6 16. f3 Ng3 17. Rf2 Nf5 18. Qd3 Rab8 19. a4 Nd6 20. Bc6 Rfc8
21. Bxd5 Bxd5 22. Qxd5 Qxe3+ 23. Qd2 Qb3 24. c3 Nc4
0-1

[Event "Just Another Plain Tournament # 9"]
[Site "SchemingMind.com"]
[Date "2009.02.04"]
[Round "-"]
[White "agentofchaos"]
[Black "johnd"]
[Result "0-1"]
[WhiteCountry "AUS"]
[BlackCountry "IRL"]
[WhiteElo "1381"]
[WhiteRD "110"]
[BlackElo "2070"]
[BlackRD "99"]
[GameID "190398"]

1. e4 c6 2. d4 d5 3. Nc3 dxe4 4. Nxe4 Bf5 5. Ng3 Bg6 6. Nf3 Nd7 7. Bc4 e6 8. h4 h6 9. h5 Bh7 10. Bd3 Bxd3
11. Qxd3 Qc7 12. Be3 Ngf6 13. O-O-O Rd8 14. Qb3 Bd6 15. Ne2 Ng4 16. Kb1 b5 17. Qd3 O-O 18. Nc3 b4 19. Ne4 c5 20. Rdf1 c4
21. Qd2 c3 22. Qc1 a5 23. Ne1 cxb2 24. Qxb2 Nb6 25. Bd2 Nc4 26. Qb3 a4 27. Qxa4 Ra8 28. Qb3 Ra3 29. Qxa3 bxa3 30. f3 Qb6+
31. Kc1 Nge3
0-1

[Event "Just Another Plain Tournament # 9"]
[Site "SchemingMind.com"]
[Date "2009.02.05"]
[Round "-"]
[White "William Anthony"]
[Black "johnd"]
[Result "0-1"]
[WhiteCountry "USA"]
[BlackCountry "IRL"]
[WhiteElo "1394"]
[WhiteRD "90"]
[BlackElo "2047"]
[BlackRD "103"]
[GameID "190399"]

1. d4 Nf6 2. c4 e6 3. Nc3 Bb4 4. e3 b6 5. Ne2 Ne4 6. Bd2 Nxd2 7. Qxd2 O-O 8. a3 Be7 9. Nf4 Bb7 10. Qd1 Nc6
11. Bd3 f5 12. O-O Bd6
0-1

[Event "Just Another Plain Tournament # 9"]
[Site "SchemingMind.com"]
[Date "2009.02.04"]
[Round "-"]
[White "palszab"]
[Black "johnd"]
[Result "0-1"]
[WhiteCountry "HUN"]
[BlackCountry "IRL"]
[WhiteElo "1823"]
[WhiteRD "112"]
[BlackElo "2070"]
[BlackRD "99"]
[GameID "190400"]

1. e4 c6 2. d4 d5 3. e5 c5 4. c3 Nc6 5. h3 e6 6. Nf3 Qb6 7. Be2 cxd4 8. cxd4 Nge7 9. Nc3 Nf5 10. O-O Bd7
11. b3 Nfxd4 12. Be3 Nxe2+ 13. Qxe2 Qd8 14. Rac1 Ba3 15. Rc2 Nb4 16. Rd2 a6 17. Bg5 Qc7 18. Nb1 Bb5 19. Qe3 Bxf1 20. Nxa3 Bb5
21. Nd4 Qc1+ 22. Kh2 Qxa3 23. f4 Nc6 24. f5 Nxd4 25. Qxd4 exf5 26. Qxd5 O-O 27. e6 fxe6 28. Qxe6+ Kh8 29. Be7 Rfe8 30. Bxa3 Rxe6
0-1

[Event "Just Another Plain Tournament # 9"]
[Site "SchemingMind.com"]
[Date "2009.02.04"]
[Round "-"]
[White "svishyn"]
[Black "johnd"]
[Result "0-1"]
[WhiteCountry "IND"]
[BlackCountry "IRL"]
[WhiteElo "1446"]
[WhiteRD "133"]
[BlackElo "2070"]
[BlackRD "99"]
[GameID "190402"]

1. c4 e5 2. d4 Nf6 3. dxe5 Ng4 4. e4 Nxe5 5. Be2 Bc5 6. Nf3 Nxf3+ 7. Bxf3 O-O 8. O-O Nc6 9. a3 d6 10. Nc3 Be6
11. b3 a5 12. Bb2 Bd4
0-1